| 000 | 00464nam a2200169Ia 4500 | ||
|---|---|---|---|
| 008 | 230917s9999||||xx |||||||||||||| ||und|| | ||
| 020 | _cUSD111.95 | ||
| 040 |
_e244818 _aMAIN |
||
| 041 | _aEnglish | ||
| 082 | _a647.94 S27H | ||
| 100 | _aSiguaw, Judy A | ||
| 245 | 0 | _aHospitality sales: Selling smarter | |
| 260 |
_aNew York _bThomson Delmar Learning _c2004 |
||
| 300 | _aix, 204 p. | ||
| 500 | _a3006 17/01/2018 HBD18/7207 06/02/2018 IHTM (SFS) | ||
| 942 | _cBK | ||
| 999 |
_c25403 _d25403 |
||